Las aventuras españolas de Washington Irving

Guardat en:
Dades bibliogràfiques
Autor principal: Bowers, Claude Gernade (Autor)
Format: Llibre
Idioma:espanyol
Publicat: Santiago Zig-Zag 1945
Col·lecció:Colección Biografías
Matèries:
Etiquetes: Afegir etiqueta
Sense etiquetes, Sigues el primer a etiquetar aquest registre!

MARC

LEADER 00000nam a2200000 a 4500
001 UCZ3147
003 CL-VaPUC
005 20201112001139.0
008 951020e19450000CL |||||||||||||||||spa|d
999 |c 239660  |d 239658 
040 |c Pontificia Universidad Católica de Valparaíso 
082 0 4 |a 928  |b BOW  |2 21 
100 |a Bowers, Claude Gernade  |e author  |9 570722 
245 1 4 |a Las aventuras españolas de Washington Irving 
260 |a Santiago  |b Zig-Zag  |c 1945 
300 |a 314 p 
490 0 |a Colección Biografías 
583 |a last modification  |c 19951020 00:00:00  |k Rodrigo Vera 
600 0 |a Irving, Washington  |d 1783-1859  |9 857948 
650 0 |a Literatura estadounidense  |9 317168 
650 0 |a Biografías  |9 255210 
852 |a BIBCUR 
942 |c BK  |2 ddc 
945 |d 19951020 00:00:00  |a rbrito 
952 |0 0  |1 0  |4 0  |6 928_000000000000000_BOW_1945  |7 0  |8 A  |9 250948  |a BIBEDU  |b BIBEDU  |d 2019-11-18  |i 3141993  |o 928 BOW 1945  |p 3141993  |r 2019-11-18  |w 2019-11-18  |y BK  |k LIT